[Event "Dortmund op-A"]
[Site "Dortmund"]
[Date "2005.07.11"]
[Round "4"]
[White "Mazurkiewicz, Kazimierz"]
[Black "Orth, Roman"]
[Result "1-0"]
[WhiteElo "1919"]
[BlackElo "2070"]
[PlyCount "127"]
[EventDate "2005.07.08"]
[EventType "swiss"]
[EventRounds "9"]
[EventCountry "GER"]
[SourceTitle "CBM 107 Extra"]
[Source "ChessBase"]
[SourceDate "2005.09.01"]
[SourceVersion "1"]
[SourceVersionDate "2005.09.01"]
[SourceQuality "1"]

1. c4 c5 2. Nf3 Nc6 3. Nc3 g6 4. b3 Bg7 5. Bb2 d6 6. e3 Nf6 7. d4 cxd4 8. Nxd4 0-0 9. Be2 Qa5 10. 0-0 h5 11. h3 Nxd4 12. Qxd4 Nd7 13. Qd2 Kh7 14. a3 Qd8 15. b4 f5 16. g4 fxg4 17. hxg4 hxg4 18. Ne4 Ne5 19. Kg2 Nf3 20. Rh1+ Kg8 21. Qc1 e5 22. Qd1 Nh4+ 23. Kf1 Nf5 24. Ke1 g3 25. Qd5+ Rf7 26. c5 gxf2+ 27. Kd2 Ne7 28. Qxd6 Be6 29. Ng5 Qxd6+ 30. cxd6 Rd8 31. Nxe6 Rxd6+ 32. Kc2 Rxe6 33. Bc4 Rc6 34. Kb3 Nf5 35. Bxf7+ Kxf7 36. Rhf1 Nxe3 37. Rxf2+ Ke6 38. Rg1 Kd5 39. Rf7 Bh6 40. Rxb7 a6 41. b5 Re6 42. a4 axb5 43. Rxb5+ Ke4 44. a5 Nf5 45. Re1+ Be3 46. Rb6 Rxb6+ 47. axb6 Kd5 48. Rxe3 Kc6 49. Rxe5 Kxb6 50. Re6+ Kc5 51. Rxg6 Kd5 52. Kc2 Ke4 53. Re6+ Kf4 54. Kd3 Kg5 55. Bc1+ Kg4 56. Re4+ Kh5 57. Rf4 Nd6 58. Rf6 Ne8 59. Rf5+ Kg4 60. Ke4 Nc7 61. Rg5+ Kh3 62. Kf3 Kh2 63. Rh5+ Kg1 64. Be3+ 1-0

[Event "Dortmund op-A"]
[Site "Dortmund"]
[Date "2005.07.08"]
[Round "1"]
[White "Hegemann, Eike"]
[Black "Mazurkiewicz, Kazimierz"]
[Result "1-0"]
[WhiteElo "2119"]
[BlackElo "1919"]
[PlyCount "125"]
[EventDate "2005.07.08"]
[EventType "swiss"]
[EventRounds "9"]
[EventCountry "GER"]
[SourceTitle "CBM 107 Extra"]
[Source "ChessBase"]
[SourceDate "2005.09.01"]
[SourceVersion "1"]
[SourceVersionDate "2005.09.01"]
[SourceQuality "1"]

1. e4 c5 2. Nf3 d6 3. Bb5+ Bd7 4. Bxd7+ Qxd7 5. 0-0 Nc6 6. c3 Nf6 7. d4 0-0-0 8. Nbd2 e6 9. Rb1 d5 10. e5 Ne8 11. dxc5 Bxc5 12. b4 Bb6 13. Nb3 f6 14. Bf4 g5 15. Bg3 g4 16. b5 Na5 17. Nfd4 Nc4 18. Qe2 fxe5 19. Bxe5 Nxe5 20. Qxe5 Nc7 21. a4 Qd6 22. Rfe1 Qxe5 23. Rxe5 Rde8 24. a5 Bxd4 25. Nxd4 Kd7 26. b6 axb6 27. Rxb6 Ra8 28. Rxb7 Rxa5 29. g3 Kd6 30. Rg5 Ra6 31. Rg7 Na8 32. Rbe7 Kc5 33. Nxe6+ Kc4 34. Nc7 Ra1+ 35. Kg2 Nb6 36. Re6 Kc5 37. Ne8 Nc4 38. Rc7+ Kb5 39. Nf6 Rd8 40. Rb7+ Kc5 41. Nd7+ Rxd7 42. Rxd7 Rc1 43. Rc7+ Kb5 44. Rxh7 Rxc3 45. Rh5 Rd3 46. Rg5 Rd4 47. Reg6 Rd2 48. Rxg4 Ne3+ 49. Kf3 Nxg4 50. Rxg4 d4 51. h4 Kc4 52. h5 Ra2 53. h6 Ra8 54. h7 Rh8 55. Rg7 Kc3 56. Rc7+ Kd2 57. g4 Rf8+ 58. Kg3 d3 59. g5 Ke2 60. Re7+ Kf1 61. Rd7 Ke2 62. g6 Rh8 63. g7 1-0

[Event "NRW-ch Seniors 16th"]
[Site "Hattingen"]
[Date "2005.05.22"]
[Round "2"]
[White "Dahlhaus, Friedhelm"]
[Black "Mazurkiewicz, Kazimierz"]
[Result "1-0"]
[WhiteElo "2017"]
[BlackElo "1888"]
[PlyCount "49"]
[EventDate "2005.05.21"]
[EventType "swiss"]
[EventRounds "9"]
[EventCountry "GER"]
[SourceTitle "EXT 2007"]
[Source "ChessBase"]
[SourceDate "2006.11.23"]
[SourceVersion "1"]
[SourceVersionDate "2006.11.23"]
[SourceQuality "1"]

1. e4 c5 2. Nf3 d6 3. d4 cxd4 4. Nxd4 Nf6 5. Nc3 a6 6. Bg5 e6 7. f4 Be7 8. Qf3 Nc6 9. Nxc6 bxc6 10. 0-0-0 Qc7 11. e5 Nd5 12. Bxe7 Kxe7 13. Ne4 Qa5 14. exd6+ Kf8 15. c4 Qxa2 16. cxd5 cxd5 17. Nc5 Ra7 18. Qa3 Qxa3 19. bxa3 g6 20. Kd2 Kg7 21. Rb1 Bd7 22. Bxa6 Bc8 23. Rb8 Bxa6 24. Rxh8 Kxh8 25. d7 1-0

[Event "Duisburg Grossenbaum op"]
[Site "Duisburg"]
[Date "2005.05.15"]
[Round "5"]
[White "Soehnchen, Andreas"]
[Black "Mazurkiewicz, Kazimierz"]
[Result "1-0"]
[WhiteElo "2097"]
[BlackElo "1875"]
[PlyCount "35"]
[EventDate "2005.05.13"]
[EventType "swiss"]
[EventRounds "7"]
[EventCountry "GER"]
[SourceTitle "EXT 2006"]
[Source "ChessBase"]
[SourceDate "2005.11.24"]
[SourceVersion "1"]
[SourceVersionDate "2005.11.24"]
[SourceQuality "1"]

1. d4 Nf6 2. Bg5 d5 3. Bxf6 gxf6 4. c4 c6 5. cxd5 cxd5 6. Nc3 Nc6 7. e3 Bf5 8. Qb3 e6 9. Qxb7 Qc8 10. Ba6 Nb4 11. Qxc8+ Rxc8 12. Bxc8 Nc2+ 13. Kd2 Nxa1 14. Nge2 Nc2 15. a3 Kd8 16. Ba6 e5 17. Bd3 Bxd3 18. Kxd3 1-0

[Event "Ruhrgebiet Seniors op 12th"]
[Site "Essen"]
[Date "2005.04.20"]
[Round "9"]
[White "Huebner, Eckardt"]
[Black "Mazurkiewicz, Kazimierz"]
[Result "1/2-1/2"]
[WhiteElo "2053"]
[BlackElo "1880"]
[PlyCount "32"]
[EventDate "2005.04.04"]
[EventType "swiss"]
[EventRounds "9"]
[EventCountry "GER"]
[SourceTitle "EXT 2007"]
[Source "ChessBase"]
[SourceDate "2006.11.23"]
[SourceVersion "1"]
[SourceVersionDate "2006.11.23"]
[SourceQuality "1"]

1. Nf3 c5 2. c4 Nf6 3. Nc3 b6 4. g3 Bb7 5. Bg2 e6 6. 0-0 Be7 7. b3 Ne4 8. Nxe4 Bxe4 9. Bb2 Bf6 10. Bxf6 Qxf6 11. d4 cxd4 12. Qxd4 Qxd4 13. Nxd4 Bxg2 14. Kxg2 Nc6 15. Rfd1 Nxd4 16. Rxd4 Ke7 1/2-1/2

[Event "Niederrhein-ch"]
[Site "Hilden"]
[Date "2004.04.09"]
[Round "8"]
[White "Mazurkiewicz, Kazimierz"]
[Black "Goerke, Joachim"]
[Result "0-1"]
[WhiteElo "1945"]
[BlackElo "2093"]
[PlyCount "84"]
[EventDate "2004.04.02"]
[EventType "swiss"]
[EventRounds "9"]
[EventCountry "GER"]
[SourceTitle "EXT 2005"]
[Source "ChessBase"]
[SourceDate "2004.11.15"]
[SourceVersion "1"]
[SourceVersionDate "2004.11.15"]
[SourceQuality "1"]

1. c4 e6 2. d4 d5 3. Nf3 c6 4. b3 Nf6 5. g3 Ne4 6. Nfd2 Bb4 7. f3 dxc4 8. Ba3 c3 9. Bxb4 cxd2+ 10. Nxd2 Nf2 11. Kxf2 Qxd4+ 12. e3 Qxb4 13. a3 Qe7 14. Bh3 0-0 15. b4 Nd7 16. e4 e5 17. Nb3 Rd8 18. Qc2 Nf8 19. Bxc8 Raxc8 20. Rhd1 Ne6 21. Rxd8+ Rxd8 22. Rd1 Rxd1 23. Qxd1 Qd8 24. Qc2 Qd6 25. Nc5 Qd4+ 26. Ke2 Qxc5 27. bxc5 Nd4+ 28. Kd3 Nxc2 29. Kxc2 Kf8 30. Kb3 Ke7 31. f4 exf4 32. gxf4 Ke6 33. Kc4 f5 34. Kd4 fxe4 35. Kxe4 b5 36. cxb6 axb6 37. a4 g6 38. h3 b5 39. a5 Kd6 40. h4 c5 41. h5 b4 42. Kd3 b3 0-1

[Event "Niederrhein-ch"]
[Site "Hilden"]
[Date "2004.04.05"]
[Round "4"]
[White "Mazurkiewicz, Kazimierz"]
[Black "Guenner, Carsten"]
[Result "1-0"]
[WhiteElo "1945"]
[BlackElo "1836"]
[PlyCount "123"]
[EventDate "2004.04.02"]
[EventType "swiss"]
[EventRounds "9"]
[EventCountry "GER"]
[SourceTitle "EXT 2005"]
[Source "ChessBase"]
[SourceDate "2004.11.15"]
[SourceVersion "1"]
[SourceVersionDate "2004.11.15"]
[SourceQuality "1"]

1. c4 c5 2. Nf3 Nc6 3. Nc3 Nf6 4. g3 e6 5. Bg2 Be7 6. 0-0 0-0 7. b3 d5 8. cxd5 Nxd5 9. Nxd5 exd5 10. d4 Bf6 11. Bb2 Bf5 12. Qd2 cxd4 13. Nxd4 Be6 14. Rac1 Rc8 15. Nxc6 bxc6 16. Bxf6 Qxf6 17. Qa5 Qe7 18. Qc5 Qb7 19. e4 h6 20. Rfd1 Rfd8 21. f4 Qb6 22. exd5 Qxc5+ 23. Rxc5 cxd5 24. Rdc1 d4 25. Rxc8 Rxc8 26. Rxc8+ Bxc8 27. Kf2 Kf8 28. Ke2 Ba6+ 29. Kd2 Ke7 30. Bf3 Kd6 31. Be2 Bc8 32. Bc4 f6 33. b4 Bf5 34. a3 Kc7 35. Kc1 Kd6 36. Kb2 Kc7 37. Kb3 Kd6 38. Bf7 Bd3 39. h4 Ke7 40. Bc4 Bf5 41. b5 Kd6 42. Kb4 Bc2 43. Bf7 Bb1 44. a4 d3 45. Bh5 Bc2 46. Bg6 Kd5 47. a5 Bb1 48. Bh5 d2 49. Bd1 Be4 50. a6 Kd4 51. h5 Bd5 52. g4 Be4 53. f5 Bd5 54. b6 axb6 55. Kb5 Ke3 56. Kxb6 Kf2 57. Kc5 Ke1 58. Ba4 Bf3 59. a7 Kf2 60. Kd4 Ba8 61. Kc5 Ke2 62. Kd6 1-0

[Event "Ruhrgebiet-ch Seniors 11th"]
[Site "Essen"]
[Date "2004.03.24"]
[Round "9"]
[White "Mazurkiewicz, Kazimierz"]
[Black "Rosen, Willy"]
[Result "0-1"]
[WhiteElo "1989"]
[BlackElo "2247"]
[PlyCount "84"]
[EventDate "2004.03.08"]
[EventType "swiss"]
[EventRounds "9"]
[EventCountry "GER"]
[SourceTitle "EXT 2006"]
[Source "ChessBase"]
[SourceDate "2005.11.24"]
[SourceVersion "1"]
[SourceVersionDate "2005.11.24"]
[SourceQuality "1"]

1. c4 e5 2. Nc3 Nf6 3. Nf3 Nc6 4. e3 d6 5. Be2 g6 6. d4 Nd7 7. 0-0 Bg7 8. Rb1 a5 9. a3 0-0 10. b4 axb4 11. axb4 h6 12. d5 Ne7 13. Bb2 f5 14. h4 Nf6 15. Qd2 Nh7 16. g3 g5 17. hxg5 hxg5 18. Kg2 Ng6 19. Rh1 Bd7 20. Rh2 g4 21. Nh4 Nxh4+ 22. Rxh4 Bf6 23. Rhh1 Bg5 24. f4 gxf3+ 25. Bxf3 Rf7 26. Rbg1 Rg7 27. Kf1 Qe7 28. Qe2 Rf8 29. Ke1 Rf6 30. Nd1 Rfg6 31. e4 Bf6 32. exf5 Rxg3 33. Rxg3 Rxg3 34. Be4 Ng5 35. Nf2 Qg7 36. Rf1 Kf8 37. Bc1 Ke7 38. c5 Nxe4 39. Nxe4 Rg2 40. cxd6+ cxd6 41. Qe3 Bh4+ 42. Kd1 Ba4+ 0-1

[Event "Ruhrgebiet-ch Seniors 11th"]
[Site "Essen"]
[Date "2004.03.10"]
[Round "3"]
[White "Krueger, Erich"]
[Black "Mazurkiewicz, Kazimierz"]
[Result "1/2-1/2"]
[WhiteElo "2128"]
[BlackElo "1989"]
[PlyCount "74"]
[EventDate "2004.03.08"]
[EventType "swiss"]
[EventRounds "9"]
[EventCountry "GER"]
[SourceTitle "EXT 2006"]
[Source "ChessBase"]
[SourceDate "2005.11.24"]
[SourceVersion "1"]
[SourceVersionDate "2005.11.24"]
[SourceQuality "1"]

1. d4 Nf6 2. c4 c6 3. Nc3 d5 4. e3 e6 5. Nf3 Nbd7 6. Bd3 dxc4 7. Bxc4 b5 8. Bd3 Bb7 9. e4 a6 10. 0-0 Be7 11. Qe2 0-0 12. e5 Nd5 13. Qe4 g6 14. Bh6 Re8 15. Nxd5 exd5 16. Qf4 f6 17. Rfe1 fxe5 18. Nxe5 Nxe5 19. Rxe5 Bf8 20. Rae1 Rxe5 21. dxe5 Qc7 22. Qd2 Bxh6 23. Qxh6 Qg7 24. Qc1 Re8 25. f4 Qf8 26. f5 gxf5 27. Qg5+ Qg7 28. Qxf5 Bc8 29. Qh5 Re7 30. Re3 Kh8 31. Qh4 c5 32. Qf4 d4 33. Rg3 Qf7 34. Qg5 Qg7 35. Qf4 Qf7 36. Qg5 Qg7 37. Qf4 Qf7 1/2-1/2

[Event "Rheinhessen-ch 7th"]
[Site "Germany"]
[Date "2003.??.??"]
[Round "4"]
[White "Visser, Dirk"]
[Black "Mazurkiewicz, Kazimierz"]
[Result "1-0"]
[WhiteElo "2120"]
[BlackElo "1920"]
[PlyCount "49"]
[EventDate "2003.??.??"]
[EventType "swiss"]
[EventRounds "7"]
[EventCountry "GER"]
[SourceTitle "EXT 2007"]
[Source "ChessBase"]
[SourceDate "2006.11.23"]
[SourceVersion "1"]
[SourceVersionDate "2006.11.23"]
[SourceQuality "1"]

1. c4 Nf6 2. Nf3 b6 3. g3 Bb7 4. Bg2 c5 5. 0-0 g6 6. d4 cxd4 7. Qxd4 Nc6 8. Qh4 h6 9. Nc3 Bg7 10. Nd5 e5 11. Nxf6+ Bxf6 12. Qh3 d5 13. cxd5 Bc8 14. g4 Ne7 15. d6 Qxd6 16. Nd2 Rb8 17. Ne4 Qe6 18. Rd1 h5 19. Rd6 Qc4 20. Nxf6+ Kf8 21. Rd8+ Kg7 22. Rxh8 Kxh8 23. Qe3 Kg7 24. Qxe5 Nc6 25. Nxh5+ 1-0

[Event "Ruhr-ch Seniors 9th"]
[Site "Essen"]
[Date "2002.03.20"]
[Round "9"]
[White "Mazurkiewicz, Kazimierz"]
[Black "Bakhmatov, Eduard"]
[Result "1/2-1/2"]
[WhiteElo "1917"]
[BlackElo "2239"]
[PlyCount "72"]
[EventDate "2002.03.??"]
[EventType "swiss"]
[EventRounds "9"]
[EventCountry "GER"]
[SourceTitle "EXT 2006"]
[Source "ChessBase"]
[SourceDate "2005.11.24"]
[SourceVersion "1"]
[SourceVersionDate "2005.11.24"]
[SourceQuality "1"]

1. c4 e5 2. Nc3 Nf6 3. Nf3 Nc6 4. g3 Bc5 5. Bg2 d6 6. 0-0 0-0 7. e3 a6 8. d4 Ba7 9. a3 Bd7 10. dxe5 dxe5 11. b4 Re8 12. Bb2 e4 13. Nd2 Bf5 14. Qc2 Qe7 15. Rfd1 Qe6 16. Nd5 Nxd5 17. cxd5 Qxd5 18. Qc3 Qe5 19. Qxc6 bxc6 20. Bxe5 Rxe5 21. Nc4 Re6 22. Rd7 Rc8 23. Rad1 Ree8 24. R7d2 c5 25. bxc5 Bxc5 26. Rd5 Bg4 27. R1d2 Bf8 28. Ra5 Rb8 29. h3 Bc8 30. Kh2 Rb5 31. Rc2 f5 32. Bf1 Rxa5 33. Nxa5 Bd6 34. Rc6 Re5 35. Bxa6 Rxa5 36. Bxc8 g6 1/2-1/2

[Event "Rheinhausen op 6th"]
[Site "Rheinhausen"]
[Date "2002.02.15"]
[Round "4"]
[White "Mazurkiewicz, Kazimierz"]
[Black "Glende, Siegfried"]
[Result "0-1"]
[WhiteElo "1943"]
[BlackElo "1776"]
[PlyCount "106"]
[EventDate "2002.03.??"]
[EventType "swiss"]
[EventRounds "5"]
[EventCountry "GER"]
[SourceTitle "EXT 2008"]
[Source "ChessBase"]
[SourceDate "2007.11.25"]
[SourceVersion "1"]
[SourceVersionDate "2007.11.25"]
[SourceQuality "1"]

1. c4 Nf6 2. d4 g6 3. Nc3 Bg7 4. e4 0-0 5. f3 d6 6. g4 c5 7. d5 a6 8. Nge2 e5 9. Ng3 Kh8 10. h4 Ng8 11. g5 h5 12. gxh6 Bxh6 13. Bd3 Qf6 14. Bg5 Qg7 15. Qd2 f6 16. Be3 Bxe3 17. Qxe3 Qh6 18. Qf2 Bd7 19. a4 a5 20. Nb5 Ra6 21. Kd1 Ne7 22. Kc2 Rb6 23. Qe1 Na6 24. Qxa5 Nb4+ 25. Kc3 Nc8 26. h5 g5 27. Nc7 Nxd3 28. Kxd3 Rb3+ 29. Kc2 Rxf3 30. Rag1 g4 31. Nf1 Rf2+ 32. Kb1 Qf4 33. Qe1 Nb6 34. b3 f5 35. Ne6 Bxe6 36. dxe6 Nc8 37. Ng3 Qf3 38. Qd1 Qc3 39. Ne2 Qe3 40. Nc1 Rd2 41. Qe1 Qc3 42. Qxd2 Qxd2 43. Rd1 Qf4 44. exf5 Qxf5+ 45. Kb2 Qxe6 46. Rd2 e4 47. Re1 g3 48. Rde2 Rf2 49. Ka3 Rxe2 50. Nxe2 Qg4 51. h6 g2 52. a5 Qf3 53. Ng1 Qc3 0-1